| 000 | 00478nab a22001457 4500 | ||
|---|---|---|---|
| 003 | ES-SlBCS | ||
| 005 | 20231222212911.0 | ||
| 008 | 231222s2023 sp ||||| |||| 00| 0 spa d | ||
| 040 |
_aES-SlBCS _bspa |
||
| 041 | _aspa | ||
| 100 | 1 |
_aCarriedo Tejedo, Manuel _967731 |
|
| 245 | 1 | 0 |
_aSantiago el Zebedeo y los ‘nazarenos’ andalusíes (Ss. IX-X) _cManuel Carriedo Tejedo |
| 773 | 0 |
_gVol. 68, nums. 3-4, 2023, págs. 519-580 _tCompostellanum _wRev130 _x0573-2018 |
|
| 942 |
_2lcc _cAR |
||
| 999 |
_c893385 _d893385 |
||